| 000 | 00462nam a22001697a 4500 | ||
|---|---|---|---|
| 003 | NUST - PNEC | ||
| 005 | 20170116181136.0 | ||
| 008 | 151007b xxu||||| |||| 00| 0 eng d | ||
| 020 | _a0582067030 | ||
| 040 | _cLIBRARY | ||
| 082 | _a538.362 HEN | ||
| 100 |
_914319 _aHennel, Jacek W. |
||
| 245 |
_aFundamentals of nuclear magnetic resonance _cJacek W. Hennel |
||
| 260 | _cc.1993 | ||
| 650 |
_914322 _aNuclear magnetic resonance _xME / EE |
||
| 942 |
_2ddc _cBK |
||
| 999 |
_c70252 _d70252 |
||